Szárnyak - Dankó Pistának jegyzet egy bírósági ítélethez /

Elmentve itt :
Bibliográfiai részletek
Szerző: Csongor Győző
Dokumentumtípus: Cikk
Megjelent: 1964-06-06
Sorozat:Délmagyarország 54 No. 131
Kulcsszavak:Dankó Pista, Pósa Lajos, Szerzői jogi vita 1964
Online Access:http://dmarchiv.bibl.u-szeged.hu/61652
LEADER 00526nab a2200157 i 4500
001 delm61652
005 20180927144533.0
008 180927s1964 hu o 0|| hun d
040 |a SZTE Délmagyarország Archívum  |b hun 
041 |a hun 
100 1 |a Csongor Győző 
245 1 0 |a Szárnyak - Dankó Pistának   |h [elektronikus dokumentum] :  |b jegyzet egy bírósági ítélethez /  |c  Csongor Győző 
260 |c 1964-06-06 
300 |a 5 
490 0 |a Délmagyarország  |v 54 No. 131 
695 |a Dankó Pista, Pósa Lajos, Szerzői jogi vita 1964